Welcome to the Holygrace Academy Library

Please use search bar below to get started

100 WORLD LEADERS (Record no. 6557)

MARC details
000 -LEADER
fixed length control field 00328nam a22001457a 4500
020 ## - INTERNATIONAL STANDARD BOOK NUMBER
ISBN 817439056-1
082 ## - DEWEY DECIMAL CLASSIFICATION NUMBER
Classification number 001
Item number PAP/H
100 ## - MAIN ENTRY--AUTHOR NAME
Personal name PAPARCHONTIS,KATHLEEN
245 ## - TITLE STATEMENT
Title 100 WORLD LEADERS
250 ## - EDITION STATEMENT
Edition statement FIRST
260 ## - PUBLICATION, DISTRIBUTION, ETC. (IMPRINT)
Place of publication NEW DELHI
Name of publisher GEMINI BOOKS
Year of publication 2002
300 ## - PHYSICAL DESCRIPTION
Number of Pages 112
650 ## - SUBJECT ADDED ENTRY--TOPICAL TERM
Topical Term WORLD LEADERS
Geographic subdivision NEW DELHI
942 ## - ADDED ENTRY ELEMENTS (KOHA)
Koha item type Books
Holdings
Withdrawn status Lost status Collection code Home library Current library Shelving location Date acquired Source of acquisition Full call number Accession Number Koha item type
    Reference Main Library Main Library SHELF-17-L-BIOGRAPHIES & AUTOBIOGRAPHIES 16/11/2006 PURCHASE 001 PAP/H 03288 Books